Văn hóa - Xã hội Chăm nghiên cứu và đối thoại
Văn hoá – xã hội Chăm, nghiên cứu và đối thoại, ghi lại hành trình suy tư phong phú và thiết thực của một người Chăm xuất thân từ gia đình nông dân nghèo, ngẩng cao đầu phấn đấu tạo dựng sự nghiệp. Inrasara, nhà thơ đồng thời là học giả...
Đã lưu trong:
| 主要作者: | |
|---|---|
| 格式: | 图书 |
| 语言: | Undetermined |
| 出版: |
Hà Nội
Khoa học - Xã hội
2011
|
| 主题: | |
| 标签: |
添加标签
没有标签, 成为第一个标记此记录!
|
| Thư viện lưu trữ: | Trung tâm Học liệu Trường Đại học Cần Thơ |
|---|
| LEADER | 01181nam a2200217Ia 4500 | ||
|---|---|---|---|
| 001 | CTU_170670 | ||
| 008 | 210402s9999 xx 000 0 und d | ||
| 082 | |a 305.895922 | ||
| 082 | |b I.35 | ||
| 100 | |a Inrasara | ||
| 245 | 0 | |a Văn hóa - Xã hội Chăm nghiên cứu và đối thoại | |
| 245 | 0 | |c Inrasara | |
| 260 | |a Hà Nội | ||
| 260 | |b Khoa học - Xã hội | ||
| 260 | |c 2011 | ||
| 520 | |a Văn hoá – xã hội Chăm, nghiên cứu và đối thoại, ghi lại hành trình suy tư phong phú và thiết thực của một người Chăm xuất thân từ gia đình nông dân nghèo, ngẩng cao đầu phấn đấu tạo dựng sự nghiệp. Inrasara, nhà thơ đồng thời là học giả trẻ mà tiềm năng sáng tạo phong phú và cao sâu đang độ bừng lên trong dòng chánh lưu của xã hội Việt Nam đương thời. | ||
| 650 | |a Ethnology,Dân tộc học | ||
| 650 | |x Research,Nghiên cứu | ||
| 650 | |z Vietnam,Việt Nam | ||
| 904 | |i Trọng Hải | ||
| 980 | |a Trung tâm Học liệu Trường Đại học Cần Thơ | ||